[Event "Oz.com qual blitz"]
[Site "ICC INT"]
[Date "2000.03.05"]
[Round "2"]
[White "Blauert, Joerg"]
[Black "Lesiege, Alexandre"]
[Result "0-1"]
[WhiteElo "2395"]
[BlackElo "2582"]
[WhiteFideId "-1"]
[WhiteFideId "-1"]
[PlyCount "102"]
[GameId "1166642608795648"]
[EventDate "2000.03.05"]
[EventType "swiss (blitz)"]
[EventRounds "9"]
[EventCountry "USA"]
[SourceTitle "EXT 2001"]
[Source "ChessBase"]
[SourceDate "2000.11.22"]
[SourceVersion "1"]
[SourceVersionDate "2000.11.22"]
[SourceQuality "1"]

1. e4 c5 2. c3 Nf6 3. e5 Nd5 4. d4 cxd4 5. Nf3 Nc6 6. cxd4 d6 7. Bc4 Nb6 8. Bb5 dxe5 9. Nxe5 Bd7 10. Nxd7 Qxd7 11. Nc3 Rd8 12. O-O a6 13. Bxc6 Qxc6 14. Re1 h6 15. Be3 e6 16. Rc1 Be7 17. Qg4 Kf8 18. Red1 Nd5 19. Nxd5 Qxd5 20. b3 h5 21. Qe2 g6 22. Bf4 Kg7 23. Be5+ f6 24. Bc7 Rd7 25. Bb6 Kf7 26. Bc5 Rhd8 27. Bxe7 Rxe7 28. h3 Red7 29. Qe3 Qg5 30. Qc3 Qd5 31. Qe3 Qg5 32. Qc3 Qf4 33. Qe3 Qxe3 34. fxe3 e5 35. Rc4 Ke6 36. Re1 exd4 37. exd4+ Kf7 38. Rd1 b5 39. Rc6 Rd6 40. Rxd6 Rxd6 41. Kf2 Ke6 42. Ke3 Kd5 43. Kd3 Rc6 44. Re1 b4 45. Rf1 f5 46. Rd1 Rc3+ 47. Ke2 Rc2+ 48. Kf3 Rxa2 49. g4 hxg4+ 50. hxg4 fxg4+ 51. Kxg4 Ra3 0-1

[Event "Oz.com qual blitz"]
[Site "ICC INT"]
[Date "2000.03.05"]
[Round "3"]
[White "Lesiege, Alexandre"]
[Black "Halkias, Stelios"]
[Result "1/2-1/2"]
[WhiteElo "2582"]
[BlackElo "2482"]
[WhiteFideId "-1"]
[WhiteFideId "-1"]
[PlyCount "123"]
[GameId "1166642609545216"]
[EventDate "2000.03.05"]
[EventType "swiss (blitz)"]
[EventRounds "9"]
[EventCountry "USA"]
[SourceTitle "EXT 2001"]
[Source "ChessBase"]
[SourceDate "2000.11.22"]
[SourceVersion "1"]
[SourceVersionDate "2000.11.22"]
[SourceQuality "1"]

1. d4 d5 2. c4 e6 3. Nc3 c5 4. e3 Nf6 5. Nf3 Nc6 6. a3 a6 7. cxd5 exd5 8. Be2 cxd4 9. Nxd4 Bd6 10. O-O O-O 11. Bf3 Qe7 12. Bxd5 Nxd4 13. Qxd4 Be5 14. Qd3 Rd8 15. e4 Be6 16. Bg5 Bxh2+ 17. Kxh2 Ng4+ 18. Kg1 Qxg5 19. Qg3 h5 20. Bxe6 fxe6 21. Rad1 h4 22. Qh3 Rxd1 23. Nxd1 Rf8 24. f3 Qc5+ 25. Kh1 Qg5 26. Rg1 Ne5 27. Qxe6+ Kh8 28. Rf1 Ng6 29. Nf2 Qxg2+ 30. Kxg2 Nf4+ 31. Kh2 Nxe6 32. Nh3 Rd8 33. Rf2 Rd3 34. f4 Re3 35. e5 g6 36. f5 gxf5 37. Rxf5 Re2+ 38. Rf2 Rxe5 39. Rd2 Kg8 40. Nf2 Nf4 41. Rd4 Ng6 42. Kh3 Kf7 43. Ng4 Re7 44. Rd6 Kg7 45. Rb6 Rd7 46. Nf6 Rd3+ 47. Kg4 Rd4+ 48. Kg5 Nh8 49. Nh5+ Kg8 50. Rxb7 Nf7+ 51. Kg6 Rg4+ 52. Kf6 Nd6 53. Rb6 h3 54. Rxd6 h2 55. Rd8+ Kh7 56. Kf5 Rg1 57. Nf6+ Kg7 58. Rd7+ Kf8 59. Nh7+ Kg8 60. Nf6+ Kf8 61. Nh7+ Kg8 62. Nf6+ 1/2-1/2

[Event "Oz.com qual blitz"]
[Site "ICC INT"]
[Date "2000.03.05"]
[Round "4"]
[White "Shahade, Gregory P"]
[Black "Lesiege, Alexandre"]
[Result "0-1"]
[WhiteElo "2461"]
[BlackElo "2582"]
[WhiteFideId "-1"]
[WhiteFideId "-1"]
[PlyCount "91"]
[GameId "1166642610208768"]
[EventDate "2000.03.05"]
[EventType "swiss (blitz)"]
[EventRounds "9"]
[EventCountry "USA"]
[SourceTitle "EXT 2001"]
[Source "ChessBase"]
[SourceDate "2000.11.22"]
[SourceVersion "1"]
[SourceVersionDate "2000.11.22"]
[SourceQuality "1"]

1. e4 c5 2. Nf3 d6 3. d4 cxd4 4. Nxd4 Nf6 5. Nc3 a6 6. f4 e6 7. a4 Be7 8. Be2 O-O 9. O-O Nc6 10. Be3 Qc7 11. Kh1 Re8 12. Bf3 Rb8 13. g4 Bf8 14. g5 Nd7 15. Bg2 g6 16. Qg4 Nb6 17. Rad1 Nc4 18. Bc1 Bg7 19. Nde2 b5 20. axb5 axb5 21. e5 d5 22. b3 N4a5 23. Bb2 b4 24. Na4 Ba6 25. Rfe1 Nb7 26. Ng1 Ne7 27. Rd2 Bb5 28. Bd4 Nf5 29. Bf2 Bf8 30. Nf3 Bxa4 31. bxa4 Bc5 32. Nd4 Bxd4 33. Bxd4 Nxd4 34. Rxd4 Qxc2 35. Rxb4 Nc5 36. Rxb8 Rxb8 37. Qd1 Qxd1 38. Rxd1 Nxa4 39. Bxd5 exd5 40. Rxd5 Rb4 41. f5 gxf5 42. Kg2 Kg7 43. Rd6 Nc5 44. Kf3 Ne6 45. Kg3 Rg4+ 46. Kh3 0-1

[Event "Oz.com qual blitz"]
[Site "ICC INT"]
[Date "2000.03.05"]
[Round "5"]
[White "Lesiege, Alexandre"]
[Black "Garbarino, Rodolfo"]
[Result "1/2-1/2"]
[WhiteElo "2582"]
[BlackElo "2387"]
[WhiteFideId "-1"]
[WhiteFideId "-1"]
[PlyCount "140"]
[GameId "1166642610577408"]
[EventDate "2000.03.05"]
[EventType "swiss (blitz)"]
[EventRounds "9"]
[EventCountry "USA"]
[SourceTitle "EXT 2001"]
[Source "ChessBase"]
[SourceDate "2000.11.22"]
[SourceVersion "1"]
[SourceVersionDate "2000.11.22"]
[SourceQuality "1"]

1. d4 d5 2. c4 c6 3. Nf3 Nf6 4. Nc3 dxc4 5. a4 Bf5 6. e3 e6 7. Bxc4 Bb4 8. O-O O-O 9. Qe2 Nbd7 10. e4 Bg6 11. Bd3 c5 12. e5 cxd4 13. exf6 dxc3 14. fxg7 Kxg7 15. Rd1 Qc7 16. bxc3 Bxc3 17. Bb2 Bxb2 18. Qxb2+ f6 19. Rac1 Nc5 20. Bxg6 hxg6 21. Nd4 Rfe8 22. Nb5 Qc6 23. Rd6 Qc8 24. a5 Rd8 25. h3 b6 26. axb6 axb6 27. Rxb6 Rb8 28. Nd6 Qc7 29. Rxb8 Rxb8 30. Qd4 Rd8 31. Nb5 Rxd4 32. Nxc7 Nb3 33. Nxe6+ Kf7 34. Nxd4 Nxc1 35. Kf1 Nd3 36. Ke2 Nc5 37. Kf3 Ke7 38. Ke3 Kd6 39. Ne2 Nd7 40. Nf4 g5 41. Nd3 Nb6 42. Ke4 Nc8 43. Kf5 Ke7 44. Kg6 Nd6 45. Nc5 Nc4 46. Ne4 Ne5+ 47. Kf5 Nd7 48. g3 Kf7 49. h4 gxh4 50. gxh4 Ne5 51. h5 Nf3 52. Kf4 Ne5 53. Nd6+ Ke6 54. Ne4 Kf7 55. Kf5 Nf3 56. Ng3 Kg7 57. Kf4 Ng5 58. Nf5+ Kh7 59. Ke3 Ne6 60. Ke4 Ng5+ 61. Ke3 Ne6 62. Ke4 Ng5+ 63. Kd5 Nh3 64. f3 Nf4+ 65. Kd6 Nxh5 66. Ke6 Kg6 67. Ne7+ Kg5 68. Nd5 Nf4+ 69. Nxf4 Kxf4 70. Kxf6 Kxf3 1/2-1/2

[Event "Oz.com qual blitz"]
[Site "ICC INT"]
[Date "2000.03.05"]
[Round "6"]
[White "Koskinen, Henri"]
[Black "Lesiege, Alexandre"]
[Result "0-1"]
[WhiteElo "2298"]
[BlackElo "2582"]
[WhiteFideId "-1"]
[WhiteFideId "-1"]
[PlyCount "58"]
[GameId "1166642611048448"]
[EventDate "2000.03.05"]
[EventType "swiss (blitz)"]
[EventRounds "9"]
[EventCountry "USA"]
[SourceTitle "EXT 2001"]
[Source "ChessBase"]
[SourceDate "2000.11.22"]
[SourceVersion "1"]
[SourceVersionDate "2000.11.22"]
[SourceQuality "1"]

1. d4 d5 2. c4 dxc4 3. e3 Nf6 4. Bxc4 e6 5. Nf3 c5 6. O-O a6 7. Qe2 b5 8. Bd3 cxd4 9. exd4 Bb7 10. a4 b4 11. Bg5 Be7 12. Nbd2 O-O 13. Rad1 Nbd7 14. b3 Nd5 15. Bxe7 Qxe7 16. Ne4 h6 17. Qd2 f5 18. Ng3 Nc3 19. Rde1 Bxf3 20. gxf3 Qd6 21. Bc4 Nd5 22. Re2 Nf4 23. Ree1 Nb6 24. Re5 Nxc4 25. bxc4 Ng6 26. Ree1 Rad8 27. c5 Qd5 28. Qxb4 Nh4 29. Re3 f4 0-1

[Event "Oz.com qual blitz"]
[Site "ICC INT"]
[Date "2000.03.05"]
[Round "7"]
[White "Lesiege, Alexandre"]
[Black "Tyomkin, Dimitri"]
[Result "1/2-1/2"]
[WhiteElo "2582"]
[BlackElo "2516"]
[WhiteFideId "-1"]
[WhiteFideId "-1"]
[PlyCount "199"]
[GameId "1166642611523584"]
[EventDate "2000.03.05"]
[EventType "swiss (blitz)"]
[EventRounds "9"]
[EventCountry "USA"]
[SourceTitle "EXT 2001"]
[Source "ChessBase"]
[SourceDate "2000.11.22"]
[SourceVersion "1"]
[SourceVersionDate "2000.11.22"]
[SourceQuality "1"]

1. d4 d5 2. c4 c6 3. Nf3 e6 4. Nc3 dxc4 5. g3 b5 6. Bg2 Bb7 7. O-O Nd7 8. e4 Ngf6 9. e5 Nd5 10. Ng5 Be7 11. Qh5 g6 12. Qh6 Bf8 13. Qh3 Nxc3 14. bxc3 Be7 15. Qh6 Bf8 16. Qh3 Be7 17. Ne4 h5 18. a4 Nb6 19. axb5 cxb5 20. Nd6+ Bxd6 21. Bxb7 Be7 22. Bc6+ Kf8 23. Bxa8 Qxa8 24. Ba3 Bxa3 25. Rxa3 Kg7 26. Rb1 a6 27. Qh4 Nd5 28. Rba1 Qd8 29. Qe4 Nc7 30. h4 Qd5 31. Qf4 Rc8 32. Qf6+ Kg8 33. Qe7 Qd8 34. Qd6 Kg7 35. Kg2 Kg8 36. Kf1 Kg7 37. Ke2 Qe8 38. Kd2 Kg8 39. f3 Qf8 40. Qxf8+ Kxf8 41. Rxa6 Nxa6 42. Rxa6 Rb8 43. Kc2 b4 44. cxb4 Rxb4 45. Ra3 Kg7 46. Kc3 Rb1 47. Kxc4 Rg1 48. f4 Rc1+ 49. Rc3 Rd1 50. Rd3 Rc1+ 51. Kb4 Kf8 52. Rc3 Rd1 53. Kc4 Ke7 54. Ra3 Rc1+ 55. Kd3 Rg1 56. Ke4 Re1+ 57. Re3 Rd1 58. Rd3 Re1+ 59. Kf3 Rf1+ 60. Kg2 Ra1 61. d5 exd5 62. Rxd5 Ra3 63. Rd2 Rb3 64. Kh3 Rc3 65. Rd6 Kf8 66. f5 gxf5 67. Rf6 Kg7 68. Rxf5 Kg6 69. Rf6+ Kg7 70. Rf5 Kg6 71. Rg5+ Kh6 72. Kg2 Rc6 73. Kf3 f6 74. exf6 Rxf6+ 75. Ke4 Ra6 76. Re5 Kg6 77. Rg5+ Kh6 78. Rd5 Rg6 79. Rd3 Rg4+ 80. Kf5 Kg7 81. Rd7+ Kg8 82. Rd3 Kg7 83. Re3 Kf7 84. Ra3 Kg7 85. Rb3 Kf7 86. Rb7+ Kg8 87. Kf6 Rxg3 88. Rb5 Rf3+ 89. Kg6 Rf8 90. Rb7 Rc8 91. Rg7+ Kh8 92. Rh7+ Kg8 93. Re7 Ra8 94. Re5 Ra6+ 95. Kxh5 Rb6 96. Kg5 Kh7 97. h5 Kg7 98. Re7+ Kg8 99. h6 Kh8 100. h7 1/2-1/2

[Event "Oz.com qual blitz"]
[Site "ICC INT"]
[Date "2000.03.05"]
[Round "8"]
[White "Atalik, Suat"]
[Black "Lesiege, Alexandre"]
[Result "0-1"]
[WhiteElo "2575"]
[BlackElo "2582"]
[WhiteFideId "-1"]
[WhiteFideId "-1"]
[PlyCount "98"]
[GameId "1165542829477888"]
[EventDate "2000.03.05"]
[EventType "swiss (blitz)"]
[EventRounds "9"]
[EventCountry "USA"]
[SourceTitle "EXT 2003"]
[Source "ChessBase"]
[SourceDate "2002.11.25"]
[SourceVersion "1"]
[SourceVersionDate "2002.11.25"]
[SourceQuality "1"]

1. d4 d5 2. c4 dxc4 3. e3 Nf6 4. Bxc4 e6 5. Nf3 c5 6. O-O a6 7. dxc5 Bxc5 8. Qxd8+ Kxd8 9. Nbd2 Ke7 10. Nb3 Bd6 11. Bd2 Nbd7 12. Nbd4 Nb6 13. Be2 e5 14. Nb3 Be6 15. Na5 Bd5 16. Rfc1 Rac8 17. Rxc8 Rxc8 18. Rc1 Rxc1+ 19. Bxc1 Ne4 20. Nd2 Nc5 21. b3 f6 22. f3 f5 23. Ndc4 Nxc4 24. Nxc4 Bxc4 25. Bxc4 b5 26. Bd5 Nd3 27. Bd2 Bb4 28. Bxb4+ Nxb4 29. Bb7 Kd8 30. a3 Kc7 31. axb4 Kxb7 32. Kf2 Kb6 33. Ke2 a5 34. Kd3 axb4 35. g4 e4+ 36. fxe4 fxg4 37. Kd4 Kc6 38. Ke5 h5 39. Kf5 Kd7 40. Ke5 Ke7 41. Kf5 g6+ 42. Kf4 Ke6 43. e5 Kd5 44. e6 Kxe6 45. e4 Kf6 46. e5+ Ke6 47. Ke4 g5 48. Kd4 h4 49. Ke4 g3 0-1

[Event "Oz.com qual blitz"]
[Site "ICC INT"]
[Date "2000.03.05"]
[Round "9"]
[White "Lesiege, Alexandre"]
[Black "Svidler, Peter"]
[Result "1-0"]
[WhiteElo "2582"]
[BlackElo "2672"]
[WhiteFideId "-1"]
[WhiteFideId "-1"]
[PlyCount "61"]
[GameId "1166642612379648"]
[EventDate "2000.03.05"]
[EventType "swiss (blitz)"]
[EventRounds "9"]
[EventCountry "USA"]
[SourceTitle "EXT 2001"]
[Source "ChessBase"]
[SourceDate "2000.11.22"]
[SourceVersion "1"]
[SourceVersionDate "2000.11.22"]
[SourceQuality "1"]

1. c4 e5 2. Nc3 d6 3. g3 f5 4. Bg2 Nc6 5. e3 Nf6 6. Nge2 g6 7. O-O Bg7 8. d3 O-O 9. Rb1 Be6 10. Nd5 Nh5 11. b4 Qd7 12. b5 Nd8 13. f4 Kh8 14. a4 Nf7 15. a5 e4 16. dxe4 fxe4 17. Bxe4 Bh3 18. Re1 Rae8 19. Bh1 g5 20. Bb2 c6 21. Bxg7+ Nxg7 22. bxc6 bxc6 23. Nb4 Rxe3 24. Bxc6 Qd8 25. Nd5 Ra3 26. Nd4 Ra2 27. Re7 Qxa5 28. Rxf7 Rxf7 29. Rb8+ Ne8 30. Rxe8+ Kg7 31. Ne6+ 1-0

[Event "Cappelle op 16th"]
[Site "Cappelle la Grande"]
[Date "2000.02.20"]
[Round "2"]
[White "Umanskaya, Irina"]
[Black "Lesiege, Alexandre"]
[Result "0-1"]
[WhiteElo "2301"]
[BlackElo "2582"]
[WhiteFideId "-1"]
[WhiteFideId "-1"]
[PlyCount "100"]
[GameId "1166642579501056"]
[EventDate "2000.02.19"]
[EventType "swiss"]
[EventRounds "9"]
[EventCountry "FRA"]
[SourceTitle "CBM 074 Extra"]
[Source "ChessBase"]
[SourceDate "2000.03.10"]
[SourceVersion "2"]
[SourceVersionDate "2000.03.10"]
[SourceQuality "1"]

1. c4 Nf6 2. Nf3 g6 3. Nc3 Bg7 4. e4 d6 5. d4 O-O 6. Be2 e5 7. dxe5 dxe5 8. Qxd8 Rxd8 9. Bg5 c6 10. Nxe5 Re8 11. O-O-O Na6 12. Rd6 Nh5 13. Ng4 Bxc3 14. bxc3 Nc5 15. Nh6+ Kg7 16. Bf3 f6 17. Be3 Nxe4 18. Bxe4 Rxe4 19. Rd8 Nf4 20. g3 Kxh6 21. Bxf4+ Kg7 22. Rhd1 c5 23. h4 h6 24. R1d3 g5 25. hxg5 hxg5 26. Bd2 b6 27. Re3 Rxe3 28. Bxe3 Kg6 29. Kd2 Bb7 30. Rxa8 Bxa8 31. f4 g4 32. Bf2 Kf5 33. Ke3 Bg2 34. a3 Bf1 35. Be1 Bxc4 36. Bf2 Ke6 37. Ke4 f5+ 38. Ke3 Kd5 39. Kd2 Bf1 40. Ke3 Kc4 41. Kd2 Kb3 42. Be3 Kxa3 43. Kc2 Bc4 44. Bd2 Ka4 45. Kb2 Kb5 46. Be3 Kc6 47. Kc2 Kd5 48. Bd2 Ke4 49. Kc1 Kf3 50. Be1 Ke2 0-1

[Event "Cappelle op 16th"]
[Site "Cappelle la Grande"]
[Date "2000.02.21"]
[Round "4"]
[White "Norris, Alan"]
[Black "Lesiege, Alexandre"]
[Result "0-1"]
[WhiteElo "2301"]
[BlackElo "2582"]
[WhiteFideId "-1"]
[WhiteFideId "-1"]
[PlyCount "132"]
[GameId "1166642579750912"]
[EventDate "2000.02.19"]
[EventType "swiss"]
[EventRounds "9"]
[EventCountry "FRA"]
[SourceTitle "CBM 074 Extra"]
[Source "ChessBase"]
[SourceDate "2000.03.10"]
[SourceVersion "2"]
[SourceVersionDate "2000.03.10"]
[SourceQuality "1"]

1. d4 d5 2. Nf3 Nf6 3. e3 e6 4. Bd3 c5 5. b3 Nc6 6. O-O Bd6 7. Bb2 O-O 8. Nbd2 cxd4 9. exd4 b6 10. a3 Bb7 11. Ne5 Ne7 12. Qe2 Bc7 13. f4 Nf5 14. g4 Nd6 15. g5 Nfe4 16. Nxe4 dxe4 17. Ba6 Bxa6 18. Qxa6 Nf5 19. Qe2 Bxe5 20. dxe5 Qd5 21. Rae1 e3 22. c4 Qe4 23. Bc1 Rfd8 24. Bxe3 Rd3 25. Bc1 Qd4+ 26. Qf2 Rd8 27. Qxd4 Nxd4 28. Re3 Nxb3 29. Kf2 Na5 30. Rxd3 Rxd3 31. Ke2 Rh3 32. Rd1 h5 33. gxh6 Rxh6 34. Rd7 Rxh2+ 35. Kd3 Rh3+ 36. Be3 Nxc4 37. Kxc4 Rxe3 38. Rxa7 g5 39. fxg5 Rxe5 40. Rb7 Rxg5 41. Rxb6 Rg1 42. a4 Ra1 43. Kb5 Kg7 44. a5 e5 45. a6 e4 46. Kc4 f6 47. Kd5 e3 48. Re6 Kg6 49. Rxe3 Rxa6 50. Rg3+ Kf5 51. Rf3+ Kg5 52. Rf1 Ra4 53. Ke6 Re4+ 54. Kf7 f5 55. Rg1+ Rg4 56. Rf1 f4 57. Ke6 Rg3 58. Ke5 Re3+ 59. Kd4 Re8 60. Kd3 Kg4 61. Kd2 f3 62. Rg1+ Kh3 63. Rg7 f2 64. Rf7 Kg2 65. Rg7+ Kf1 66. Ra7 Rg8 0-1

[Event "Cappelle op 16th"]
[Site "Cappelle la Grande"]
[Date "2000.02.23"]
[Round "6"]
[White "Bouaziz, Slim"]
[Black "Lesiege, Alexandre"]
[Result "1-0"]
[WhiteElo "2371"]
[BlackElo "2582"]
[WhiteFideId "-1"]
[WhiteFideId "-1"]
[PlyCount "83"]
[GameId "1166642579898368"]
[EventDate "2000.02.19"]
[EventType "swiss"]
[EventRounds "9"]
[EventCountry "FRA"]
[SourceTitle "CBM 074 Extra"]
[Source "ChessBase"]
[SourceDate "2000.03.10"]
[SourceVersion "2"]
[SourceVersionDate "2000.03.10"]
[SourceQuality "1"]

1. e4 c5 2. Nf3 d6 3. d4 cxd4 4. Nxd4 Nf6 5. Nc3 a6 6. g3 e6 7. Bg2 Be7 8. O-O O-O 9. a4 Nc6 10. Be3 Bd7 11. h3 Rc8 12. Nde2 Nb4 13. g4 e5 14. Qd2 Be6 15. Rfd1 h5 16. gxh5 Nxh5 17. Rac1 Qd7 18. Kh2 Rfd8 19. a5 Nf6 20. Nd5 Nbxd5 21. exd5 Bf5 22. Ng3 Bg6 23. c4 Nh5 24. Nxh5 Bxh5 25. Re1 Re8 26. b4 f5 27. f4 exf4 28. Bxf4 Bh4 29. Re6 Kh7 30. Rxd6 Qf7 31. Re6 Rxe6 32. dxe6 Qxe6 33. Bd5 Qf6 34. Rg1 Re8 35. Rg2 Re1 36. Qb2 Qe7 37. c5 g5 38. Bd6 Qe3 39. Qf6 f4 40. Qf5+ Kh8 41. Qf8+ Kh7 42. Qg8+ 1-0

[Event "Cappelle op 16th"]
[Site "Cappelle la Grande"]
[Date "2000.02.25"]
[Round "8"]
[White "Daly, Colm"]
[Black "Lesiege, Alexandre"]
[Result "0-1"]
[WhiteElo "2377"]
[BlackElo "2582"]
[WhiteFideId "-1"]
[WhiteFideId "-1"]
[PlyCount "70"]
[GameId "1166642580107264"]
[EventDate "2000.02.19"]
[EventType "swiss"]
[EventRounds "9"]
[EventCountry "FRA"]
[SourceTitle "CBM 074 Extra"]
[Source "ChessBase"]
[SourceDate "2000.03.10"]
[SourceVersion "2"]
[SourceVersionDate "2000.03.10"]
[SourceQuality "1"]

1. c4 c6 2. d4 d5 3. cxd5 cxd5 4. Nc3 e5 5. Nf3 e4 6. Nd2 Nc6 7. Nb3 Be6 8. a4 Rc8 9. Bd2 Bd6 10. e3 Nh6 11. Be2 O-O 12. Nb5 Bb4 13. Bxb4 Nxb4 14. Nc3 Qg5 15. Kf1 Bg4 16. h3 Bxe2+ 17. Qxe2 Rc6 18. Nc1 Nf5 19. Rg1 Qh4 20. Rh1 Rg6 21. Rh2 Nc2 22. Kg1 Nxa1 23. Qd1 Nxe3 24. fxe3 Nc2 25. Nxd5 Rd8 26. Ne7+ Qxe7 27. Qxc2 Rc6 28. Qd2 Rdc8 29. Ne2 Rc2 30. Qd1 Rxe2 31. Qxe2 Rc1+ 32. Kf2 Qf6+ 33. Kg3 Qd6+ 34. Kf2 Qxh2 35. Qb5 Rc6 0-1

[Event "Espoirs vs Montreal"]
[Site "Montreal CAN"]
[Date "1999.11.20"]
[Round "1"]
[White "Lesiege, Alexandre"]
[Black "Zugic, Igor"]
[Result "1-0"]
[WhiteElo "2621"]
[BlackElo "2409"]
[WhiteFideId "-1"]
[WhiteFideId "-1"]
[PlyCount "99"]
[GameId "2160767911741808"]
[EventDate "1999.11.20"]
[EventType "schev"]
[EventRounds "4"]
[EventCountry "CAN"]

1. c4 f5 2. Nf3 Nf6 3. g3 g6 4. Bg2 Bg7 5. O-O O-O 6. Nc3 d6 7. d4 Nc6 8. b3 e5 9. dxe5 dxe5 10. Ba3 e4 11. Bxf8 Qxf8 12. Nd4 Nxd4 13. Qxd4 Be6 14. Qd2 Rd8 15. Qc2 e3 16. Rad1 exf2+ 17. Kh1 Ng4 18. Rxd8 Qxd8 19. Nd1 c6 20. Bf3 Ne5 21. Nxf2 h5 22. Rd1 Qe7 23. Qd2 Nf7 24. Nd3 Kh7 25. Qe3 a6 26. Nf4 Be5 27. Nxe6 Qxe6 28. b4 Kg7 29. b5 axb5 30. cxb5 Qxa2 31. bxc6 bxc6 32. Bxc6 Qe6 33. Bd5 Qe7 34. Rb1 Nd6 35. Ra1 Nc8 36. Rb1 Nd6 37. Ra1 Nc8 38. Ra8 Qd6 39. Qd3 Ne7 40. Bf3 Qxd3 41. exd3 f4 42. Ra7 Kf6 43. Ra6+ Kf7 44. g4 hxg4 45. Bxg4 Bd4 46. Kg2 Kg7 47. Kf3 Be3 48. Be6 g5 49. Ke4 Kg6 50. d4 1-0

[Event "Espoirs vs Montreal"]
[Site "Montreal CAN"]
[Date "1999.11.20"]
[Round "2"]
[White "Charbonneau, Pascal"]
[Black "Lesiege, Alexandre"]
[Result "1/2-1/2"]
[WhiteElo "2347"]
[BlackElo "2621"]
[WhiteFideId "-1"]
[WhiteFideId "-1"]
[PlyCount "36"]
[GameId "2160767911741809"]
[EventDate "1999.11.20"]
[EventType "schev"]
[EventRounds "4"]
[EventCountry "CAN"]

1. e4 c5 2. c3 Nf6 3. e5 Nd5 4. d4 cxd4 5. Nf3 Nc6 6. Bc4 Nb6 7. Bb3 d5 8. exd6 Qxd6 9. O-O Be6 10. Na3 Bxb3 11. Qxb3 Qd5 12. Nb5 Rc8 13. Nfxd4 Nxd4 14. Nxd4 e6 15. Rd1 Bc5 16. Qb5+ Qd7 17. Qe2 O-O 18. Nb3 Bd6 1/2-1/2

[Event "Espoirs vs Montreal"]
[Site "Montreal CAN"]
[Date "1999.11.21"]
[Round "3"]
[White "Lesiege, Alexandre"]
[Black "Hua, Lefong"]
[Result "1-0"]
[WhiteElo "2621"]
[BlackElo "2311"]
[WhiteFideId "-1"]
[WhiteFideId "-1"]
[PlyCount "115"]
[GameId "2160767911741815"]
[EventDate "1999.11.20"]
[EventType "schev"]
[EventRounds "4"]
[EventCountry "CAN"]

1. d4 Nf6 2. c4 e5 3. dxe5 Ng4 4. Bf4 Nc6 5. Nf3 Bb4+ 6. Nbd2 Qe7 7. e3 Ngxe5 8. Nxe5 Nxe5 9. Be2 O-O 10. O-O Bxd2 11. Qxd2 d6 12. Qc3 Ng6 13. Bg3 Bf5 14. b4 Rad8 15. Rac1 b6 16. Rfd1 Be4 17. c5 dxc5 18. bxc5 Bd5 19. Rd4 bxc5 20. Ra4 c6 21. h4 f5 22. Qxc5 Qxc5 23. Rxc5 Rd7 24. h5 Ne7 25. Be5 Rb7 26. Rca5 Nc8 27. Bc4 Rb1+ 28. Kh2 Rd1 29. Rc5 Bxc4 30. Raxc4 Ne7 31. Ra5 Rd7 32. Bd4 Rb8 33. Rca4 Rbb7 34. Rxa7 Kf7 35. Rxb7 Rxb7 36. Ra8 Nd5 37. Rc8 Rc7 38. Rxc7+ Nxc7 39. Kg3 Nd5 40. a4 g6 41. a5 Nc7 42. Kf4 Ke6 43. Kg5 Kf7 44. Kh6 gxh5 45. Kxh7 Na6 46. Kh6 c5 47. Bb2 h4 48. Kg5 Ke6 49. Kxh4 c4 50. Kg5 Nc5 51. f3 Na6 52. Bc3 Nc5 53. Bd4 Na6 54. Kf4 Nb4 55. e4 fxe4 56. Kxe4 Kd6 57. g4 Ke6 58. f4 1-0

[Event "Espoirs vs Montreal"]
[Site "Montreal CAN"]
[Date "1999.11.21"]
[Round "4"]
[White "Glinert, Stephen"]
[Black "Lesiege, Alexandre"]
[Result "1/2-1/2"]
[WhiteElo "2357"]
[BlackElo "2621"]
[WhiteFideId "-1"]
[WhiteFideId "-1"]
[PlyCount "20"]
[GameId "2160767911741817"]
[EventDate "1999.11.20"]
[EventType "schev"]
[EventRounds "4"]
[EventCountry "CAN"]

1. e4 c5 2. Nc3 Nc6 3. g3 g6 4. Bg2 Bg7 5. d3 d6 6. Be3 Rb8 7. Qd2 b5 8. Nge2 b4 9. Nd1 Nd4 10. O-O Qb6 1/2-1/2

[Event "Quebec-ch classe"]
[Site "St-Jean CAN"]
[Date "1999.10.01"]
[Round "1"]
[White "Moss, Laurent"]
[Black "Lesiege, Alexandre"]
[Result "0-1"]
[WhiteElo "2620"]
[BlackElo "2098"]
[WhiteFideId "-1"]
[WhiteFideId "-1"]
[PlyCount "62"]
[GameId "2160767911742082"]
[EventDate "1999.10.01"]
[EventType "swiss"]
[EventRounds "5"]
[EventCountry "CAN"]

1. d4 d5 2. Nf3 c6 3. c4 e6 4. cxd5 exd5 5. Qc2 Bd6 6. Nc3 Ne7 7. Bg5 f6 8. Bh4 Bf5 9. Qb3 Qb6 10. e3 Na6 11. Qxb6 axb6 12. Bg3 Nc8 13. Nh4 Be6 14. Bd3 Nb4 15. Bb1 O-O 16. Nf5 Bxg3 17. hxg3 g6 18. Nh4 Nd6 19. b3 Ra3 20. Na4 b5 21. Nc5 Bg4 22. f3 Bc8 23. Kd2 g5 24. Kc3 Na6 25. Bxh7+ Kg7 26. Ng6 Re8 27. e4 b4+ 28. Kd3 Nxc5+ 29. dxc5 dxe4+ 30. Kd4 Nf5+ 31. Kc4 Ne3+ 0-1

[Event "Quebec-ch classe"]
[Site "St-Jean CAN"]
[Date "1999.10.02"]
[Round "2"]
[White "Lesiege, Alexandre"]
[Black "Goldenberg, Danny"]
[Result "1-0"]
[WhiteElo "2620"]
[BlackElo "2233"]
[WhiteFideId "-1"]
[WhiteFideId "-1"]
[PlyCount "75"]
[GameId "2160767911742089"]
[EventDate "1999.10.01"]
[EventType "swiss"]
[EventRounds "5"]
[EventCountry "CAN"]

1. d4 Nf6 2. c4 g6 3. Nc3 Bg7 4. e4 O-O 5. Nf3 d6 6. Be2 e5 7. O-O Nc6 8. d5 Ne7 9. b4 Nh5 10. c5 Nf4 11. Bxf4 exf4 12. Rc1 h6 13. Nd2 g5 14. Nc4 Bxc3 15. Rxc3 Ng6 16. Qd4 Re8 17. h3 Qe7 18. cxd6 cxd6 19. Rfc1 Bd7 20. Bh5 b5 21. Nd2 Ne5 22. Rc7 Qf6 23. Rxa7 Nf3+ 24. Nxf3 Qxd4 25. Bxf7+ Kf8 26. Nxd4 Rxa7 27. Bxe8 Kxe8 28. Rc2 Ra4 29. Rb2 Ra3 30. Kf1 Rd3 31. Nf3 g4 32. hxg4 Bxg4 33. Ne1 Rd4 34. f3 Bh5 35. Rb3 Rd1 36. Ra3 Rb1 37. Ra7 Rxb4 38. Nd3 1-0

[Event "Quebec-ch classe"]
[Site "St-Jean CAN"]
[Date "1999.10.02"]
[Round "3"]
[White "Khassanov, Marat"]
[Black "Lesiege, Alexandre"]
[Result "1/2-1/2"]
[WhiteElo "2403"]
[BlackElo "2620"]
[WhiteFideId "-1"]
[WhiteFideId "-1"]
[PlyCount "123"]
[GameId "2160767911742094"]
[EventDate "1999.10.01"]
[EventType "swiss"]
[EventRounds "5"]
[EventCountry "CAN"]

1. e4 c5 2. c4 Nc6 3. Nc3 g6 4. g3 Bg7 5. Bg2 d6 6. d3 e6 7. Nge2 Nge7 8. Bg5 h6 9. Be3 Nd4 10. Qd2 h5 11. h4 e5 12. O-O O-O 13. Rab1 a5 14. b3 Bg4 15. f3 Bd7 16. a4 f5 17. Bg5 Ne6 18. exf5 Nxg5 19. f6 Nh3+ 20. Kh2 Bxf6 21. Bxh3 Nf5 22. Nd5 Bg7 23. Qg5 Kh7 24. Qxd8 Raxd8 25. Nec3 Bh6 26. Ne4 Be6 27. g4 Bxd5 28. gxf5 Bf4+ 29. Kh1 Bc6 30. fxg6+ Kxg6 31. Rbe1 b6 32. Be6 d5 33. Rg1+ Kh6 34. cxd5 Bxd5 35. Ng5 Bc6 36. Re2 Rxd3 37. Kg2 Re3 38. Rxe3 Bxe3 39. Nf7+ Rxf7 40. Bxf7 Bxg1 41. Kxg1 Bxf3 42. Kf2 Be4 43. Ke3 Bg6 44. Bc4 Kg7 45. Be2 Kf6 46. Bd1 Ke6 47. Be2 Kd6 48. Kd2 Bf7 49. Bd1 Kd5 50. Ke3 Kd6 51. Kd3 c4+ 52. bxc4 Bg6+ 53. Kc3 Kc5 54. Bf3 e4 55. Bd1 Be8 56. Be2 Bxa4 57. Bxh5 e3 58. Kd3 Kb4 59. Kxe3 Bb3 60. Kd2 a4 61. Kc1 Bxc4 62. Be8 1/2-1/2